02999cam a22003018i 45000010011000000030006000110050017000170080041000340100015000750200031000900200015001210350022001360400042001580420008002000500009002080600011002170820021002281000035002492450089002842500019003732640057003923000047004495000020004965051096005165201030016126500034026426500021026761124777173OCoLC20210306162859.0191016s2021 mau 001 0 eng  a2019047577 a9781284197563q(paperback) a1284197638 a(OCoLC)1124777173 aDNLM/DLCbengerdacDLCdOCLCOdOCLCA apcc00aR85210aW 20.500a610.724223bJKI1 aJacobsen, Kathryn H.,eauthor.10aIntroduction to health research methods :ba practical guide /cKathryn H. Jacobsen. aThird edition. 1aBurlington, MA :bJones & Bartlett Learning,c[2021] axx, 404 pages :bcolor illustrationsc23cm aIncludes index.0 aThe Health Research Process -- Selecting a Research Question -- Reviewing the Literature -- Defining Specific Aims -- Professional Development -- Coauthoring -- Overview of Study Designs -- Case Series -- Cross-Sectional Studies -- Case-Control Studies -- Cohort Studies -- Experimental Studies -- Qualitative Studies -- Correlational Studies -- Synthesis Research -- Research Protocols -- Ethical Considerations -- Ethical Review and Approval -- Population Sampling -- Sample Size and Power -- Sample Size and Power -- Questionnaire Development -- Collecting Quantitative Data -- Collecting Qualitative Data -- Additional Assessments -- Secondary Analyses -- Systematic Reviews and Meta-Analyses -- Writing Grant Proposals -- Data Management -- Descriptive Statistics -- Comparative Statistics -- Regression Analysis -- Qualitative Analysis -- Additional Analysis Tools -- Posters and Presentations -- Article Structure -- Citing -- Critically Revising -- Writing Success Strategies -- Reasons to Publish -- Selecting Target Journals -- Manuscript Submission -- Peer Review and Publication. a"Designed to empower new investigators to conduct their own original research projects, the Third Edition of Introduction to Health Research Methods provides a practical, step-by-step guide to conducting quantitative and qualitative research in medicine, public health, and other clinical and population health fields. Organized in five sections, the text covers the entire research process from formulating a study question and selecting a study approach to collecting and analyzing data and then disseminating the findings. Chapters about methods for primary studies (collecting new data), secondary analyses (analyzing existing data), and tertiary studies (conducting literature reviews and meta-analyses) provide comprehensive coverage of the scope of health research. By breaking the research process down into a series of achievable steps, Introduction to Health Research Methods shows students and early career scholars how they can contribute to improving the health of individuals and communities through research"--12aBiomedical Researchxmethods.12aResearch Design.